000 00615cam a2200181 4500500
005 20260405002939.0
041 _afre
042 _adc
100 1 0 _aLacroix, Alexandre
_eauthor
245 0 0 _aFrancis Hallé: “À cause d’Aristote, nous continuons à faire passer l’animal avant la plante”
260 _c2019.
500 _a20
690 _aBotanique
690 _aforêt
690 _aFrancis Hallé
786 0 _nPhilosophie magazine | 132 | 9 | 2019-09-01 | p. 36-38 | 1951-1787
856 4 1 _uhttps://shs.cairn.info/magazine-philosophie-magazine-2019-9-page-36?lang=fr&redirect-ssocas=7080
999 _c2062798
_d2062798